000 00395nam a2200157Ia 4500
008 230711s9999||||xx |||||||||||||| ||und||
041 _aENG
082 _a624
_bSH-W
100 _aShah,Charanjit Singh
245 0 _aWater supply and sanitation
250 _a1st . Ed.
260 _c1992
_aNew Delhi
_bGalgotia Publications Pvt.Ltd
300 _a110
650 _aCivil Engineering
942 _cBK
999 _c4178
_d4178